[Event "FRA-chT Top 12 2019"]
[Site "Brest"]
[Date "2019.05.20"]
[Round "3.3"]
[White "Fressinet, Laurent"]
[Black "Kosten, Anthony C."]
[Result "1/2-1/2"]
[WhiteElo "2640"]
[BlackElo "2419"]
[Annotator "TA"]
[PlyCount "69"]
[EventDate "2019.05.18"]
[EventType "team-tourn"]
[EventCountry "FRA"]
[SourceTitle "playchess.com"]
[Source "ChessBase"]
[SourceQuality "1"]

{[%evp 13,69,0,0,-3,-8,-8,0,0,0,-16,3,0,0,-14,0,0,2,-10,-14,-9,0,0,0,0,20,23,53,27,120,99,99,24,14,0,0,0,45,0,143,34,37,9,5,0,0,0,0,0,19,-4,0,0,0,0,0,0,0,0]} 1. e4 e6 2. d4 d5 3. Nc3 Bb4 4. exd5 exd5 5. Bd3 Nf6 6. Bg5 O-O 7. Nge2 c6 8. h3 {C01: French: Exchange Variation} (8. Qd2 Be7 9. f3 a5 10. O-O Na6 11. Ng3 Nb4 12. Be2 h6 13. Bf4 c5 14. Nb5 c4 15. c3 Na6 {½-½ (72) Swiercz,D (2656)-Lenderman,A (2626) Saint Louis 2018}) 8... Nbd7 {[%cal Bb8d7,Bd7b6,Bb6c4][%mdl 32]} 9. O-O Re8 10. Ng3 h6 11. Be3 Nb6 $146 ({Predecessor:} 11... Nf8 12. Re1 Ng6 13. Qd2 Bd7 14. a3 Bxc3 15. Qxc3 Ne4 16. Bxe4 dxe4 17. Qd2 Qh4 18. c4 Bxh3 19. gxh3 Qxh3 {0-1 (19) Andreassen,A (2038)-Madland,K (2089) Trondheim 2014}) 12. Qf3 Nc4 13. Bc1 Nd6 14. Bf4 Nde4 15. a3 Bxc3 16. bxc3 Ng5 17. Bxg5 hxg5 18. Rfe1 g4 19. hxg4 {aiming for g5.} Bxg4 20. Qf4 Qa5 (20... Bd7 $11) 21. Re5 $1 $16 Qxc3 22. Rf1 (22. Rb1 $16 {Black must now prevent Rg5.} c5 23. Rxb7) 22... c5 $1 $11 23. f3 {Hoping for Rg5.} Bd7 24. Ne2 Qa5 25. Rg5 {Qxf6 would kill now.} Re6 (25... Qb6 $1 $11 {keeps the balance.} 26. dxc5 Qxc5+ 27. Kh1 Qe7) 26. Ng3 (26. Qh4 $1 $16) 26... g6 $1 $14 ({But not} 26... Qxa3 $2 {[#]} 27. Rxg7+ $1 {[%mdl 512]} Kf8 28. Qh4 $1 $18 {[%mdl 512]}) 27. Bf5 (27. Qh4 $5 {[%cal Rh4h6]} Qa4 28. c3 $16 (28. Nf5 Rb6 $11)) 27... Rc6 $1 $132 {[%mdl 2048] The position is equal. Black is fighting back} 28. Bxd7 Nxd7 29. Rxd5 Nf6 30. Rd6 Qb6 31. Nf5 {Threatens to win with Ne7+.} gxf5 32. Qg5+ {[%mdl 64] Double Attack} Kf8 33. Qh6+ Kg8 34. Qg5+ {[%mdl 64] Double Attack} Kf8 35. Qh6+ {Accuracy: White = 48%, Black = 48%.} 1/2-1/2

[Event "FRA-chT Top 12 2019"]
[Site "Brest"]
[Date "2019.05.20"]
[Round "3.3"]
[White "Fedorchuk, Sergey A."]
[Black "Gharamian, Tigran"]
[Result "1-0"]
[WhiteElo "2620"]
[BlackElo "2602"]
[Annotator "TA"]
[PlyCount "79"]
[EventDate "2019.05.18"]
[EventType "team-tourn"]
[EventCountry "FRA"]
[SourceTitle "playchess.com"]
[Source "ChessBase"]
[SourceQuality "1"]

{[%evp 15,79,37,22,4,10,-10,14,0,0,0,0,0,0,0,23,-38,0,0,57,1,0,7,24,26,27,22,15,-40,-30,-44,-39,-21,-33,-27,0,0,0,0,12,11,57,0,42,0,0,0,0,0,0,0,102,102,102,93,75,89,103,91,85,90,114,114,196,194,1196,1128]} 1. e4 c6 2. d4 d5 3. Nd2 dxe4 4. Nxe4 Nf6 5. Nxf6+ exf6 6. c3 Bd6 7. Bd3 O-O 8. Ne2 Re8 9. Be3 {B15: Caro-Kann: 3 Nc3: 3...g6 and 3...dxe4 4 Nxe4 Nf6 5 Nxf6+ exf6} (9. Qc2 h6 10. O-O Qc7 11. Ng3 Nd7 12. Be3 Nf8 13. Rae1 Be6 14. Qd2 Bxg3 15. hxg3 Bxa2 16. c4 b5 17. cxb5 Bd5 18. Rc1 {½-½ (31) Sjugirov,S (2663)-Li,C (2724) Qinhuangdao 2018}) 9... Nd7 {[%cal Bb8d7,Bd7f8,Bf8g6][%mdl 32]} 10. Qd2 Nf8 11. O-O {The position is equal.} Qc7 12. Kh1 $146 ({Predecessor:} 12. h3 Be6 13. c4 Rad8 14. c5 Be7 15. b4 f5 {½-½ (23) Lukashik,V-Konnov,V Russia 1997}) 12... Ng6 13. Rae1 Be6 14. Qc2 Qa5 ({But not} 14... Bxa2 $2 15. b3 $18) 15. c4 (15. Bd2 $11) 15... Rad8 (15... Qh5 {seems wilder.} 16. Ng3 Qh4 17. b3 Rad8 18. Qd2 Nf4) 16. Ng3 Bb8 (16... Kh8 $11) 17. b3 ({White should try} 17. f4 $1 $14 Bg4 18. Bd2) 17... Kh8 $11 18. Bd2 Qb6 19. Bc3 Qc7 20. Re3 Nf4 21. Bxh7 (21. Be4 $11) 21... g6 $15 22. Bxg6 $1 fxg6 23. d5 $1 cxd5 24. Bxf6+ Kh7 25. Bxd8 Rxd8 26. Rfe1 Qf7 27. cxd5 Rxd5 ({Don't blunder} 27... Bxd5 $2 28. Re7 $18) 28. f3 (28. Ne4 $14) 28... Bd6 29. Rd1 Rxd1+ 30. Qxd1 Bd5 31. Ne4 {[#] aiming for Ng5+.} Be7 32. Qd4 a6 (32... Bc6 $11 {keeps the balance.}) 33. Qe5 $16 Bc6 34. Ng5+ Bxg5 35. Qxg5 {Hoping for Re7!} Nd5 36. Re4 Kg7 37. h4 Nf6 38. Re5 Nh7 {[#]} (38... Qf8 $16 {was necessary.}) 39. Qd8 $1 $18 {And now Re7 would win.} Qf6 $2 (39... Kh6 40. Re7 Qf4) 40. Re7+ {Accuracy: White = 58%, Black = 49%.} 1-0

[Event "FRA-chT Top 12 2019"]
[Site "Brest"]
[Date "2019.05.20"]
[Round "3.3"]
[White "Van Wely, Loek"]
[Black "Hera, Imre Jr."]
[Result "1/2-1/2"]
[WhiteElo "2600"]
[BlackElo "2611"]
[Annotator "TA"]
[PlyCount "80"]
[EventDate "2019.05.18"]
[EventType "team-tourn"]
[EventCountry "FRA"]
[SourceTitle "playchess.com"]
[Source "ChessBase"]
[SourceQuality "1"]

{[%evp 16,80,-17,-20,-8,-25,-8,-6,-3,-37,-61,-65,-7,-27,-13,-18,-29,-35,0,0,0,-71,-62,-72,-27,-74,-64,-79,-44,-44,-44,-44,-45,-45,-46,-45,-46,-46,-46,-46,-46,-50,-46,-47,-46,-51,-44,-47,-35,-39,0,-50,-39,-43,-38,-124,-124,-124,-27,-41,-27,-27,-27,-33,-25,-27,0]} 1. c4 c5 2. Nf3 Nc6 3. d4 cxd4 4. Nxd4 Nf6 5. Nc3 e6 6. g3 Qb6 7. Ndb5 Ne5 8. Bg2 a6 9. Qa4 {Black must now prevent Be3.} Rb8 {A33: Symmetrical English: 2 Nf3 Nf6 3 d4 cxd4 4 Nxd4 e6 5 Nc3 Nc6} 10. Na3 Be7 11. O-O O-O {The position is equal.} 12. Rd1 $146 ({Predecessor:} 12. Bf4 d6 13. Qb3 Qc7 14. c5 Qxc5 15. Be3 Qc7 16. Bb6 Qd7 17. Rfd1 {½-½ (27) Matlakov,M (2689)-Akopian,V (2648) Berlin 2015}) 12... Bc5 13. e3 Bxa3 (13... d6 $15) 14. bxa3 Qc7 15. Qb4 Nxc4 16. a4 d5 17. e4 dxe4 $1 18. Nxe4 (18. Bg5 $11) 18... Nxe4 $17 19. Bxe4 e5 20. Bg5 ({Wrong is} 20. Bxh7+ $2 Kxh7 21. Ba3 (21. Qxf8 $2 {too greedy.} Bg4 $19) 21... Qc6 $19) 20... Be6 21. Rac1 f6 22. Be3 $1 b5 23. axb5 axb5 24. Bc5 Rfd8 $1 25. Rxd8+ Qxd8 26. a4 bxa4 {[%mdl 64] [#] Overworked Piece} 27. Qxa4 Nd2 28. Ba7 Rc8 29. Rxc8 $1 Qxc8 30. Bc6 Kh8 {[#] ...Bd5! is the strong threat.} 31. h4 Nb3 32. Be4 Nd2 33. Bc6 h6 34. Be3 Nc4 35. Qa8 (35. Ba7 $15) 35... Qxa8 36. Bxa8 Kg8 (36... Nxe3 $17 37. fxe3 f5) 37. Bc5 $11 Nd2 38. Be3 Nb1 39. f4 Nc3 40. Bd2 Bd5 {Accuracy: White = 72%, Black = 45%.} 1/2-1/2

[Event "FRA-chT Top 12 2019"]
[Site "Brest"]
[Date "2019.05.20"]
[Round "3.3"]
[White "Gukesh D"]
[Black "Cornette, Matthieu"]
[Result "1-0"]
[WhiteElo "2533"]
[BlackElo "2553"]
[Annotator "RC"]
[PlyCount "65"]
[EventDate "2019.05.18"]
[EventType "team-tourn"]
[EventCountry "FRA"]
[SourceTitle "playchess.com"]
[Source "ChessBase"]
[SourceQuality "1"]
[TimeControl "40/5400+30:1800+30"]

1. Nf3 d5 2. g3 Nf6 3. Bg2 c5 4. O-O e6 5. c4 d4 6. e3 Nc6 7. exd4 cxd4 8. d3 Bd6 9. Bg5 h6 10. Bxf6 Qxf6 11. Nbd2 Qe7 12. a3 a5 13. Ne4 Bc7 14. c5 O-O 15. Nfd2 f5 16. Nd6 Bxd6 17. cxd6 Qxd6 18. Nc4 Qc7 19. Re1 Bd7 20. Rc1 Ra6 21. Re2 Re8 22. Qe1 Qb8 23. f4 b5 24. Nd2 a4 25. b4 Qd6 26. Nf3 Rc8 27. Rec2 Ra7 28. Ne5 Rac7 29. Nxc6 Bxc6 30. Qe5 Qd7 31. h4 Kf7 32. Bxc6 Rxc6 33. Qxb5 1-0

[Event "FRA-chT Top 12 2019"]
[Site "Brest"]
[Date "2019.05.20"]
[Round "3.3"]
[White "Velten, Paul"]
[Black "Nihal Sarin"]
[Result "1/2-1/2"]
[WhiteElo "2507"]
[BlackElo "2598"]
[Annotator "TA"]
[PlyCount "132"]
[EventDate "2019.05.18"]
[EventType "team-tourn"]
[EventCountry "FRA"]
[SourceTitle "playchess.com"]
[Source "ChessBase"]
[SourceQuality "1"]

{[%evp 18,132,35,27,31,14,17,35,29,17,17,9,11,14,9,12,5,10,17,31,27,25,45,1,14,10,18,20,19,0,0,0,27,20,31,26,17,18,23,19,25,23,33,32,17,20,16,26,20,22,6,17,14,-6,0,0,0,-33,-7,-43,-10,-65,-68,-357,315,311,306,289,480,18,17,0,0,-2,0,0,0,0,0,0,0,0,0,0,0,-8,0,0,0,0,0,0,0,0,0,0,0,0,0,0,0,0,0,0,0,0,0,-8,-8,-8,0,0,0,0,0,0,0]} 1. d4 f5 2. g3 Nf6 3. Bg2 g6 4. Nf3 Bg7 5. O-O O-O 6. Nbd2 d6 7. Re1 Nc6 8. c3 e5 9. dxe5 dxe5 10. e4 $1 f4 {A81: Dutch Defence: 2 g3} 11. b4 a6 12. a4 fxg3 {White is slightly better.} (12... h6 13. b5 axb5 14. Ba3 b4 15. cxb4 Re8 16. Bb2 Be6 17. b5 Nb4 18. Bf1 {0-1 (30) Velten,P (2475)-Chakravarthi,R (2415) Anogia 2018}) 13. hxg3 Ng4 14. Qe2 $146 ({Predecessor:} 14. b5 axb5 15. Ba3 b4 16. cxb4 Nd4 17. b5 Rf7 18. Bb2 {0-1 (43) Bochev,K (2075)-Galunov,T (2314) Teteven 2018}) 14... Be6 15. Nf1 h6 16. Ne3 Nxe3 17. Bxe3 Qe8 18. Nd2 Qf7 19. Rec1 g5 20. Bc5 Rfd8 21. Nf1 b6 22. Be3 $1 Rd7 23. Rd1 Rxd1 24. Rxd1 Bb3 25. Ra1 Bc4 26. Qe1 a5 27. b5 Nd8 28. Nd2 Be6 29. c4 Nb7 30. c5 Nxc5 31. Bxc5 bxc5 32. Rc1 Rd8 $1 33. Nf1 c4 $36 {[%mdl 2048] Black has good play.} 34. Ne3 Bf8 $1 {[%cal Rf8b4] Hoping for ...Bb4.} 35. Qxa5 Bc5 36. Qe1 Rd3 37. Nf5 Kh7 38. Rc2 Qd7 {aiming for ...Rd1.} 39. Qe2 ({White should play} 39. Kh2 $11) 39... c3 $15 {And now ...Rd2 would win.} 40. Bh3 $2 {[%mdl 8192]} (40. Qh5 $1 $15 Bxf5 41. exf5 Qxf5 42. Kh2) 40... Kg6 $4 {[%mdl 8192] [#]} (40... Rd1+ $1 $19 41. Kh2 Rd2) 41. Ne7+ $1 $18 {[%mdl 512]} Bxe7 42. Bxe6 Qd4 $2 {[#]} (42... Qd8 43. Bd5 (43. Bf5+ Kg7 $16) 43... Rd2) 43. Kg2 $2 (43. Qg4 $1 $18 {[%mdl 512] White threatens Qf5+ and mate.} Bf6 44. Bd5) 43... h5 $1 $11 {The position is equal.} 44. a5 Bc5 45. a6 Kh6 46. Ra2 $1 {a7! is the strong threat.} Rd2 47. Rxd2 cxd2 48. Bb3 g4 49. Bd1 Kg5 50. Kf1 Kf6 51. Kg2 Qc3 52. f3 Qd4 {[%csl Gc5][%cal Rd4g1]} 53. Qf1 Ke7 54. fxg4 hxg4 55. Bxg4 Qxe4+ 56. Bf3 Qd4 57. Bd1 Qd5+ 58. Qf3 e4 59. Qh5 Qxh5 60. Bxh5 {[%mdl 4096] Endgame [#] KB-KB} c6 $1 {[%mdl 512]} 61. bxc6 Kd6 62. Kf1 Kxc6 63. Ke2 Kb6 64. Bg6 Kxa6 65. Kxd2 Bd6 66. Bxe4 Bxg3 {Accuracy: White = 65%, Black = 73%.} 1/2-1/2

[Event "FRA-chT Top 12 2019"]
[Site "Brest"]
[Date "2019.05.20"]
[Round "3.3"]
[White "Hamitevici, Vladimir"]
[Black "Vallin, Guillaume"]
[Result "1/2-1/2"]
[WhiteElo "2476"]
[BlackElo "2389"]
[Annotator "TA"]
[PlyCount "90"]
[EventDate "2019.05.18"]
[EventType "team-tourn"]
[EventCountry "FRA"]
[SourceTitle "playchess.com"]
[Source "ChessBase"]
[SourceQuality "1"]

{[%evp 9,90,-11,-3,-18,-15,-6,-19,-31,-33,-53,-23,-30,-34,-41,-27,-33,-24,-29,-29,-29,-29,-31,-12,-28,0,0,-1,0,25,0,0,-19,-16,-16,-18,-14,0,-22,0,0,0,0,0,0,0,0,0,0,0,0,0,0,0,0,0,0,0,0,0,0,20,20,20,8,95,-11,0,-18,-8,-8,-8,-30,-8,-20,-8,-38,-44,-39,-39,-25,-8,-8,0]} 1. c4 e6 2. Nc3 d5 3. cxd5 exd5 4. d4 c6 5. Qc2 Bd6 6. e3 {D31: Queen's Gambit Declined: Semi-Slav without ...Nf6 (+ Marshall Gambit and Noteboom) and Exchange Variation lines without ...Nf6} (6. Nf3 Ne7 7. Bg5 f6 8. Bd2 Na6 9. e4 Nb4 10. Qb3 a5 11. a3 a4 12. Qd1 dxe4 13. Nxe4 Nbd5 14. Bc4 Be6 15. O-O O-O {½-½ (34) Ivanchuk,V (2728)-Kramnik,V (2803) Tbilisi 2017}) 6... Nf6 7. Bd3 O-O 8. Nge2 Re8 9. Bd2 Nbd7 10. f3 c5 $146 ({Predecessor:} 10... a6 11. O-O c5 12. Rad1 g6 13. Qc1 b5 14. Be1 {0-1 (67) Milanovic,D (2520)-Ivanisevic,I (2645) Vrnjacka Banja 2012}) 11. b3 cxd4 12. Nxd4 a6 13. O-O Nc5 14. Nce2 Bd7 15. Rac1 Rc8 16. Qb1 b5 17. Bf5 g6 18. Bxd7 Qxd7 19. Nf4 a5 20. Nd3 (20. Rfd1 {looks sharper.} b4 21. Rc2 Bb8 22. Nd3 Bd6 23. Nf4) 20... b4 21. Nxc5 Bxc5 22. Qd3 Qa7 23. Rfd1 Qb6 24. Be1 Nd7 25. Bf2 Nf8 26. h4 h5 27. Rc2 Bxd4 28. Rxc8 Rxc8 29. Qxd4 Qxd4 30. Rxd4 $11 {[%mdl 4096] Endgame KRB-KRN} Rc1+ 31. Kh2 Rc2 32. Bg3 Ne6 33. Rxd5 Rxa2 34. Be5 Ra3 35. Bf6 Kf8 $1 ({Much weaker is} 35... Rxb3 $6 36. Rxa5 Nc7 37. Be5 $16) 36. e4 Rxb3 (36... Ke8 $11 {keeps the balance.}) 37. f4 (37. Rxa5 $16 {Ra8+ would kill now.} Ke8 38. Ra7) 37... Ra3 38. f5 gxf5 39. exf5 Nc7 40. Rd8+ Ne8 41. Rb8 Rd3 {Strongly threatening ...Rd5.} 42. Bd8 Kg7 {[#] White must now prevent ...a4.} 43. Bxa5 Nf6 {( -> ...Ng4+)} 44. Kg1 Ng4 {[%cal Rd3d1]} 45. Kf1 Rd5 {Accuracy: White = 50%, Black = 58%.} 1/2-1/2

[Event "FRA-chT Top 12 2019"]
[Site "Brest"]
[Date "2019.05.20"]
[Round "3.4"]
[White "Bauer, Christian"]
[Black "Feller, Sebastien"]
[Result "0-1"]
[WhiteElo "2643"]
[BlackElo "2587"]
[Annotator "TA"]
[PlyCount "118"]
[EventDate "2019.05.18"]
[EventType "team-tourn"]
[EventCountry "FRA"]
[SourceTitle "playchess.com"]
[Source "ChessBase"]
[SourceQuality "1"]

{[%evp 22,118,6,0,51,42,41,18,18,10,23,15,17,0,0,-2,0,-12,-10,-14,-6,-29,-6,-10,0,0,0,-14,-6,-56,-50,-48,-19,-18,-19,-19,-19,-19,-19,-19,-19,-26,-18,-44,-27,-48,-48,-83,-80,-76,-76,-85,-81,-147,-131,-216,-214,-193,-187,-175,0,-280,-265,-283,-270,-363,-360,-367,-365,-366,-358,-370,-267,-331,-327,-332,-329,-312,-306,-287,-232,-233,-208,-233,-231,-233,-227,-225,-218,-218,-218,-218,-218,-566,-566,-525,-348,-29972,-29971]} 1. e4 c5 2. Nf3 e6 3. d4 cxd4 4. Nxd4 Nf6 5. Nc3 Nc6 6. Nxc6 bxc6 7. e5 Nd5 8. Ne4 Qc7 9. f4 Qb6 10. c4 Bb4+ 11. Ke2 f5 12. Nf2 Qa6 {B45: Sicilian Four Knights} (12... Ba6 $11 13. Kf3 Ne7) (12... Ba6 13. Kf3 Ne7 14. Be3 Bc5 15. Bxc5 Qxc5 16. Qd6 Qb6 17. b3 c5 18. Rd1 Bb7+ 19. Ke3 Qxd6 20. exd6 Ng6 21. Nd3 Rc8 22. h4 h5 23. Rh3 Be4 24. Ne5 Nxe5 25. fxe5 Kf7 26. Kf4 a5 {½-½ (40) Velicka,P (2423)-Vidit,S (2711) Czech Republic 2018}) 13. Kf3 $14 Nc7 14. Qc2 $146 ({Predecessor:} 14. Be3 Be7 15. Be2 O-O 16. Qd2 c5 17. Kg3 d6 18. exd6 Bxd6 19. Rhd1 Ne8 20. Nd3 {0-1 (59) Ward,R (2202)-Jaeger,F (2031) ICCF email 2007}) 14... Be7 {The position is equal.} 15. Nd3 c5 16. Kf2 Bb7 17. Be3 Be4 18. Qc3 Qc6 19. Kg1 O-O 20. h4 Rad8 21. Rd1 (21. h5 {looks sharper.} Na6 22. Nf2 d6 23. h6 Nb4 24. Re1) 21... Bxd3 22. Rxd3 d5 {Strongly threatening ...d4.} 23. exd6 Rxd6 24. Rxd6 Qxd6 25. Qe5 (25. g3 {is interesting.} Bf6 26. Qd3 Bd4 27. Rh2 Rd8 28. Re2) 25... Qxe5 26. fxe5 Rb8 27. Bc1 Na6 28. Rh3 Nb4 29. Ra3 $1 Rb7 30. g3 Bd8 31. Rb3 {Threatens to win with a3.} Bb6 32. a3 Nc2 33. Rd3 Nd4 34. Bf4 a5 $1 35. Bg2 {[#]} Rb8 $1 36. Kf1 Bc7 37. Rd2 (37. b3 $142) 37... a4 38. Kg1 (38. h5 $17 {might work better.}) 38... Ba5 $19 39. Rf2 Be1 40. Rf1 Ba5 $2 (40... Ne2+ $19 41. Kh2 Nxf4 42. gxf4 Bxh4) 41. Bg5 $2 {[%mdl 8192]} (41. Rf2 $11 {and White stays safe.}) 41... Rxb2 42. Be7 Bb6 43. Bd6 h5 44. Kh2 Kf7 45. Rd1 Rb3 46. Rd2 Rb1 47. Rd3 Rc1 48. Rd2 Rxc4 49. Rb2 Nb3 50. Bc6 Ba5 51. Bxa4 Rxa4 52. Rxb3 {[%mdl 4096] Endgame KRB-KRB} c4 {[%cal Bc5c4,Bc4c3][%mdl 32]} 53. Rb7+ Kg8 54. Rb8+ Kh7 55. Rc8 {[#]} c3 $1 56. Be7 Re4 57. Rc5 $2 (57. Kg2 {is more resistant.}) 57... Re2+ 58. Kh1 {[#]} f4 $1 {[%mdl 512] aiming for ...f3.} 59. Bg5 $2 (59. Rxa5 $19 c2 60. Rc5) (59. gxf4 c2) 59... f3 {Accuracy: White = 38%, Black = 71%.} 0-1

[Event "FRA-chT Top 12 2019"]
[Site "Brest"]
[Date "2019.05.20"]
[Round "3.4"]
[White "Oparin, Grigoriy"]
[Black "Delabaca, Romuald"]
[Result "1-0"]
[WhiteElo "2624"]
[BlackElo "2360"]
[Annotator "TA"]
[PlyCount "73"]
[EventDate "2019.05.18"]
[EventType "team-tourn"]
[EventCountry "FRA"]
[SourceTitle "playchess.com"]
[Source "ChessBase"]
[SourceQuality "1"]

{[%evp 21,73,31,16,11,10,8,10,0,26,13,23,19,25,8,22,18,41,11,10,0,13,3,31,33,56,47,70,72,73,58,77,73,79,58,113,109,114,81,83,81,118,70,64,73,73,76,546,538,527,527,486,26,589,543]} 1. Nf3 Nf6 2. g3 d5 3. Bg2 e6 4. c4 Be7 5. d4 O-O 6. Nc3 dxc4 7. Ne5 Nc6 8. Bxc6 bxc6 9. Nxc6 Qe8 10. Nxe7+ Qxe7 11. Qa4 c5 12. dxc5 {E06: Closed Catalan: Early deviations} Qxc5 13. Be3 Qc7 14. Rd1 {The position is equal.} (14. O-O-O Ng4 15. Rd2 Nxe3 16. fxe3 Rb8 17. Rhd1 a5 18. Kb1 h6 19. Ka1 Rb4 {1-0 (49) Caruana,F (2822)-Nakamura,H (2777) Saint Louis 2018}) 14... Bb7 15. f3 Nd5 16. Bd4 a5 $146 ({Predecessor:} 16... Rfd8 17. O-O e5 18. Nxd5 Rxd5 19. Bc3 Qc5+ {½-½ (31) Hawkins,J (2569)-Taylor,A (2356) Hastings 2019}) 17. Kf2 f6 18. Rd2 Rfc8 19. Nxd5 exd5 20. g4 Qe7 21. h4 Bc6 22. Qc2 Be8 23. Qf5 Qd7 24. Qxd7 Bxd7 25. Rg1 Kf7 26. g5 Be6 27. h5 fxg5 ({Black should play} 27... Rg8 $14) 28. Rxg5 $16 g6 29. e4 dxe4 30. fxe4 Re8 31. Kf3 a4 32. hxg6+ hxg6 33. Rh2 {[#] aiming for Rh7+.} Rg8 $2 {[%mdl 8192]} (33... Rad8 $16 {is more resistant.} 34. Rh7+ Kg8 35. Rg7+ Kf8) 34. Rh7+ $18 Ke8 35. Bf6 Ra6 36. Re5 $2 (36. Rb5 $18 {Threatening mate with Rb8+.} Rc6 37. Re7+ Kf8 38. Rb8+ Bc8 39. e5) 36... Kf8 $2 {[%mdl 8192] [#]} (36... Rf8 $1 $11 {and Black is okay.} 37. Re7+ Kd8 38. Rf7+ (38. R7xe6+ Rxf6+ 39. Rxf6 Rxf6+ 40. Ke3 Rb6 $11) 38... Ke8 39. Rxf8+ Kxf8) 37. Bg5 {Accuracy: White = 63%, Black = 32%.} 1-0

[Event "FRA-chT Top 12 2019"]
[Site "Brest"]
[Date "2019.05.20"]
[Round "3.4"]
[White "Istratescu, Andrei"]
[Black "Colin, Vincent"]
[Result "1-0"]
[WhiteElo "2555"]
[BlackElo "2383"]
[Annotator "TA"]
[PlyCount "85"]
[EventDate "2019.05.18"]
[EventType "team-tourn"]
[EventCountry "FRA"]
[SourceTitle "playchess.com"]
[Source "ChessBase"]
[SourceQuality "1"]

{[%evp 26,85,0,0,-14,-12,-4,-14,0,0,11,0,31,27,27,33,36,30,27,15,51,56,79,79,59,68,78,73,88,88,85,64,100,86,97,29,32,32,74,25,26,25,41,14,22,18,19,21,19,26,205,205,741,642,1304,1304,29978,29979,29979,29977,29975,29977]} 1. d4 Nf6 2. c4 e6 3. Nf3 d5 4. Nc3 Be7 5. Bg5 O-O 6. e3 h6 7. Bh4 b6 8. Bd3 Bb7 9. O-O Ne4 10. Bg3 Nxc3 11. bxc3 dxc4 12. Bxc4 Nd7 13. Bd3 Bd6 14. e4 Bxg3 {D58: Queen's Gambit Declined: Tartakower Defence} 15. hxg3 c5 16. Qe2 (16. Re1 Qc7 17. a4 Rfd8 18. a5 e5 19. a6 Bc8 20. Bc4 Rb8 21. Qb3 Rf8 22. Bb5 cxd4 23. cxd4 exd4 24. Nxd4 {1-0 (84) Sakaev,K (2633)-Shomoev,A (2551) Dresden 2007}) 16... Qe7 $146 {The position is equal.} ({Predecessor:} 16... Qc7 17. Rfb1 Rac8 18. a4 Rfd8 19. Ra2 Bc6 20. Ra3 Rb8 21. Re1 Nf6 22. Ra2 {½-½ (60) Fuhrwerk,K (2041)-Bromme,S (2079) GER email 2012}) 17. a4 cxd4 18. cxd4 Rac8 19. a5 Rc7 20. axb6 axb6 21. Rfe1 Rfc8 22. Qb2 Rc3 23. Ra7 Rxd3 24. Rxb7 Rdc3 25. Qxb6 $1 Nxb6 26. Rxe7 R3c7 27. Rxc7 Rxc7 $16 {[%mdl 4096] Endgame KRN-KRN} 28. g4 f6 29. Rd1 Kf7 30. Nd2 (30. Ne1 $16) 30... Na4 $1 $11 31. Kf1 Rc2 32. Nf3 Nc3 33. Re1 Kg6 34. g3 h5 35. gxh5+ Kxh5 36. e5 {Strongly threatening exf6.} f5 37. d5 {[%cal Bd4d5,Bd5e6,Be6e7][%mdl 32]} Ne4 $2 {[#]} (37... Nxd5 $11 38. Nd4 {[%mdl 64] Double Attack} Rb2) 38. dxe6 $18 ({Much less strong is} 38. Re2 $6 Rxe2 39. Kxe2 exd5 $14) 38... Kg4 $2 (38... Rxf2+ 39. Kg1 Ra2) 39. e7 Rxf2+ 40. Kg1 Kxf3 41. Rf1 {White mates.} Rxf1+ 42. Kxf1 Nxg3+ 43. Ke1 {Accuracy: White = 67%, Black = 28%.} 1-0

[Event "FRA-chT Top 12 2019"]
[Site "Brest"]
[Date "2019.05.20"]
[Round "3.4"]
[White "Wirig, Anthony"]
[Black "Tregubov, Pavel V."]
[Result "0-1"]
[WhiteElo "2516"]
[BlackElo "2586"]
[Annotator "TA"]
[PlyCount "128"]
[EventDate "2019.05.18"]
[EventType "team-tourn"]
[EventCountry "FRA"]
[SourceTitle "playchess.com"]
[Source "ChessBase"]
[SourceQuality "1"]

{[%evp 25,128,18,36,0,0,0,0,0,0,0,0,0,0,0,0,0,0,0,0,0,0,0,0,0,2,-14,-14,-14,-12,-14,-13,-13,-7,-16,-11,-18,0,-35,-35,-26,-20,-20,-20,-20,-20,-66,-59,-72,-36,-43,-37,-57,-39,-56,-36,-36,-31,-35,-28,-36,-36,-36,-41,-57,-43,-52,-43,-43,-35,-48,-32,-65,-65,-99,-61,-135,-147,-308,-308,-303,-303,-295,-294,-284,-284,-283,-279,-278,-303,-252,-81,-420,-420,-413,-406,-406,-398,-879,-844,-830,-600,-29972,-29973,-29970,-29968]} 1. c4 c5 2. Nf3 g6 3. e4 Nc6 4. d4 cxd4 5. Nxd4 Nf6 6. Nc3 Nxd4 7. Qxd4 d6 8. Be2 Bg7 9. Be3 O-O 10. Qd2 a5 11. Rc1 a4 12. O-O Qa5 13. f3 Be6 14. Rfd1 {B36: Sicilian: Maroczy Bind: Gurgenidze System} Rfc8 (14... Qb4) 15. Nb5 Qxd2 16. Rxd2 {The position is equal.} Nd7 17. Nd4 Nc5 18. Nxe6 fxe6 19. Rb1 Rc6 20. g3 $146 ({Predecessor:} 20. Bd1) 20... Rb6 21. Kg2 Rb4 22. Rc2 a3 {[%cal Ra3b2]} 23. Bxc5 dxc5 24. b3 Bd4 25. Rd2 e5 26. Rd3 Kg7 27. Rc1 h5 28. f4 Rf8 29. Rf1 Rb6 30. Rdf3 Rbf6 31. fxe5 Bxe5 32. Rxf6 exf6 $11 {[%mdl 4096] Endgame KRB-KRB} 33. Rd1 Bd4 34. b4 b6 35. bxc5 bxc5 36. Rd3 Ra8 (36... Rb8 $5 {[%cal Rb8b2]} 37. Rxa3 Rb2 $15) 37. Rb3 Kf7 38. Rb6 Ke7 39. h3 Kd7 40. Kf3 Kc7 41. Rb3 Kd6 42. Kf4 Be5+ 43. Kf3 Bb2 44. Rb5 Rc8 45. Rb3 Ke5 46. Rd3 Ke6 47. g4 hxg4+ 48. hxg4 Rh8 49. Kg2 Rb8 50. g5 (50. Bd1 $15) 50... fxg5 $17 51. Rd5 $2 (51. Kf3 $17 {is a better defense.}) 51... Bd4 $19 52. Bg4+ Kf6 {aiming for ...Rb2+.} 53. e5+ Bxe5 {White must now prevent ...Rb2+.} 54. Rxc5 Rb2+ {[%mdl 64] Double Attack} 55. Kf3 Rxa2 56. Rc6+ {[#]} Kg7 $1 57. Ra6 {[#]} Ra1 $2 (57... Bd4 $1 $19 {and Black stays clearly on top. ...Rf2+ is the strong threat.} 58. Ke4 Bf2) 58. Ke4 $2 {[%mdl 8192]} (58. c5 $17 {nothing else works.}) 58... Bb8 59. Kd5 a2 60. Be2 {[#]} g4 $1 61. Ke4 $2 (61. Bxg4 Rg1 62. Rxa2 Rxg4 63. Ra6) 61... g3 62. Kf3 {[#]} Bd6 $1 {[%mdl 512]} 63. c5 (63. Rxd6 Rh1) 63... Bxc5 64. Bc4 {[#]} g2 $1 {[%mdl 64] Decoy, Promotion. Accuracy: White = 39%, Black = 76%.} 0-1